Hoenn Region Pokédex - Statistics

General Stats
  • This quiz has been taken 171 times
  • The average score is 121 of 202
Answer Stats
Number Type Pokémon % Correct
007 Water/Ground Mudkip
98%
004 Fire Torchic
98%
001 Grass Treecko
97%
006 Fire/Fighting Blaziken
96%
009 Water/Ground Swampert
96%
003 Grass Sceptile
93%
005 Fire/Fighting Combusken
92%
002 Grass Grovyle
89%
008 Water/Ground Marshtomp
89%
011 Dark Mightyena
88%
010 Dark Poochyena
88%
198 Water Kyogre
85%
199 Ground Groudon
84%
200 Dragon/Flying Rayquaza
84%
017 Bug Cascoon
83%
193 Rock Regirock
83%
014 Bug Wurmple
83%
012 Normal Zigzagoon
83%
194 Ice Regice
82%
016 Bug/Flying Beautifly
81%
021 Water/Grass Ludicolo
81%
195 Steel Registeel
81%
013 Normal Linoone
80%
202 Psychic Deoxys
79%
018 Bug/Poison Dustox
79%
196 Dragon/Psychic Latias
79%
197 Dragon/Psychic Latios
79%
019 Water/Grass Lotad
79%
026 Normal/Flying Swellow
79%
015 Bug Silcoon
78%
025 Normal/Flying Taillow
78%
020 Water/Grass Lombre
76%
192 Steel/Psychic Metagross
76%
022 Grass Seedot
76%
024 Grass/Dark Shiftry
76%
187 Dragon Bagon
75%
031 Psychic Gardevoir
75%
201 Steel/Psychic Jirachi
75%
030 Psychic Kirlia
75%
029 Psychic Ralts
75%
189 Dragon/Flying Salamence
75%
032 Bug/Water Surskit
75%
027 Water/Flying Wingull
75%
038 Normal Slaking
74%
049 Fighting Hariyama
73%
028 Water/Flying Pelipper
73%
190 Steel/Psychic Beldum
72%
102 Fire/Ground Camerupt
72%
023 Grass/Dark Nuzleaf
72%
079 Electric Manectric
71%
036 Normal Slakoth
71%
118 Ground/Dragon Flygon
70%
191 Steel/Psychic Metang
70%
042 Bug/Ground Nincada
70%
101 Fire/Ground Numel
70%
098 Water/Dark Sharpedo
70%
043 Bug/Flying Ninjask
69%
037 Normal Vigoroth
69%
072 Steel/Rock Aggron
68%
070 Steel/Rock Aron
68%
035 Grass/Fighting Breloom
68%
048 Fighting Makuhita
68%
044 Bug/Ghost Shedinja
68%
188 Dragon Shelgon
68%
078 Electric Electrike
67%
033 Bug/Flying Masquerain
67%
034 Grass Shroomish
67%
140 Water Feebas
66%
116 Ground Trapinch
66%
071 Steel/Rock Lairon
65%
080 Electric Plusle
65%
076 Fighting/Psychic Meditite
64%
141 Water Milotic
64%
068 Dark/Ghost Sableye
64%
105 Fire Torkoal
64%
150 Grass/Flying Tropius
64%
117 Ground/Dragon Vibrava
64%
099 Water Wailmer
64%
100 Water Wailord
64%
122 Dragon/Flying Altaria
63%
077 Fighting/Psychic Medicham
63%
081 Electric Minun
63%
097 Water/Dark Carvanha
62%
057 Rock/Ground Geodude
62%
125 Rock/Psychic Lunatone
62%
179 Water/Rock Relicanth
62%
176 Water Clamperl
61%
064 Poison/Flying Golbat
61%
059 Rock/Ground Golem
61%
058 Rock/Ground Graveler
61%
126 Rock/Psychic Solrock
61%
175 Ice/Water Walrein
61%
063 Poison/Flying Zubat
61%
039 Psychic Abra
60%
065 Poison/Flying Crobat
60%
053 Water/Flying Gyarados
60%
040 Psychic Kadabra
60%
075 Fighting Machamp
60%
073 Fighting Machop
60%
052 Water Magikarp
60%
082 Electric/Steel Magnemite
60%
083 Electric/Steel Magneton
60%
060 Rock Nosepass
60%
041 Psychic Alakazam
59%
074 Fighting Machoke
59%
115 Steel/Flying Skarmory
59%
173 Ice/Water Spheal
59%
121 Normal/Flying Swablu
59%
134 Rock/Grass Cradily
57%
046 Normal Loudred
57%
171 Ice Snorunt
57%
045 Normal Whismur
57%
119 Grass Cacnea
56%
047 Normal Exploud
56%
172 Ice Glalie
56%
177 Water Huntail
56%
124 Poison Seviper
56%
136 Rock/Bug Armaldo
55%
147 Ghost Banette
55%
148 Ghost Duskull
55%
089 Grass/Poison Gloom
55%
133 Rock/Grass Lileep
55%
088 Grass/Poison Oddish
55%
174 Ice/Water Sealeo
55%
066 Water/Poison Tentacool
55%
067 Water/Poison Tentacruel
55%
120 Grass/Dark Cacturne
54%
149 Ghost Dusclops
54%
178 Water Gorebyss
54%
182 Water/Electric Lanturn
54%
114 Normal Spinda
54%
086 Bug Volbeat
54%
135 Rock/Bug Anorith
53%
095 Poison Gulpin
53%
103 Fire Slugma
53%
090 Grass/Poison Vileplume
53%
084 Electric Voltorb
53%
152 Dark Absol
52%
132 Ground/Psychic Claydol
52%
069 Steel Mawile
52%
146 Ghost Shuppet
52%
131 Ground/Psychic Baltoy
51%
085 Electric Electrode
51%
184 Water Horsea
51%
087 Bug Illumise
51%
186 Water/Dragon Kingdra
51%
104 Fire/Rock Magcargo
51%
185 Water Seadra
51%
096 Poison Swalot
51%
181 Water/Electric Chinchou
50%
156 Electric Pikachu
50%
123 Normal Zangoose
50%
157 Electric Raichu
49%
050 Water Goldeen
48%
107 Poison Muk
48%
054 Normal Azurill
47%
106 Poison Grimer
47%
111 Psychic Grumpig
47%
051 Water Seaking
47%
110 Psychic Spoink
47%
145 Normal Kecleon
46%
094 Grass/Poison Roselia
46%
109 Poison Weezing
46%
128 Water/Ground Whiscash
46%
127 Water/Ground Barboach
45%
129 Water Corphish
45%
108 Poison Koffing
45%
142 Normal Castform
44%
163 Psychic/Flying Xatu
44%
056 Water Azumarill
43%
055 Water Marill
43%
162 Psychic/Flying Natu
43%
155 Electric Pichu
43%
091 Grass Bellossom
42%
130 Water/Dark Crawdaunt
42%
168 Bug/Fighting Heracross
42%
183 Water Luvdisc
42%
164 Normal/Psychic Girafarig
41%
154 Fire Ninetales
41%
153 Fire Vulpix
41%
169 Ground/Rock Rhyhorn
39%
061 Normal Skitty
39%
062 Normal Delcatty
38%
170 Ground/Rock Rhydon
38%
151 Psychic Chimecho
36%
180 Water/Rock Corsola
36%
167 Bug Pinsir
36%
158 Water Psyduck
34%
112 Ground Sandshrew
34%
113 Ground Sandslash
34%
144 Water/Psychic Starmie
34%
143 Water Staryu
34%
159 Water Golduck
33%
092 Normal/Flying Doduo
32%
093 Normal/Flying Dodrio
31%
166 Ground Donphan
29%
165 Ground Phanpy
29%
160 Psychic Wynaut
28%
161 Psychic Wobbuffet
26%
138 Normal Jigglypuff
23%
137 Normal Igglybuff
20%
139 Normal Wigglytuff
20%
No matching quizzes found
Score Distribution
Percent of People with Each Score
Percentile by Number Answered
Your Score History
You have not taken this quiz